[Event "Dvorkovich Memorial rapid op"]
[Site "Taganrog"]
[Date "2018.01.13"]
[Round "2"]
[White "Frolov, Andrey"]
[Black "Balashov, Yuri S"]
[Result "0-1"]
[WhiteElo "2120"]
[BlackElo "2434"]
[PlyCount "70"]
[EventDate "2018.01.13"]
[EventType "swiss (rapid)"]
[EventRounds "11"]
[EventCountry "RUS"]
[SourceTitle "CBM 182 Extra"]
[Source "ChessBase"]
[SourceDate "2018.02.23"]
[SourceVersion "1"]
[SourceVersionDate "2018.02.23"]
[SourceQuality "1"]

1. e4 c5 2. Nf3 Nc6 3. d4 cxd4 4. Nxd4 Qb6 5. Nb3 Nf6 6. Nc3 e6 7. Be3 Qc7 8. Be2 a6 9. 0-0 Be7 10. f4 d6 11. Kh1 b5 12. a3 0-0 13. Qe1 Rb8 14. Qg3 b4 15. axb4 Nxb4 16. e5 Nd7 17. f5 dxe5 18. Bh6 g6 19. Bxf8 Nxf8 20. f6 Bd8 21. Qg5 Nd5 22. Nxd5 exd5 23. Qh6 Bxf6 24. Rxf6 Qxc2 25. Raf1 Be6 26. Bd1 Qc7 27. Qd2 d4 28. Na5 Nd7 29. R6f2 Nc5 30. Re1 e4 31. Qxd4 Nd3 32. Rc2 Qxa5 33. Rxe4 Rd8 34. Qf6 Nc5 35. Rd4 Qe1+ 0-1

[Event "Dvorkovich Memorial op"]
[Site "Taganrog"]
[Date "2015.01.22"]
[Round "5"]
[White "Pushkov, Nikolai"]
[Black "Frolov, Andrey"]
[Result "1-0"]
[WhiteElo "2303"]
[BlackElo "2139"]
[PlyCount "110"]
[EventDate "2015.01.18"]
[EventType "swiss"]
[EventRounds "9"]
[EventCountry "RUS"]
[SourceTitle "CBM 164 Extra"]
[Source "ChessBase"]
[SourceDate "2015.03.02"]
[SourceVersion "1"]
[SourceVersionDate "2015.03.02"]
[SourceQuality "1"]

1. Nf3 d5 2. d4 e6 3. c4 dxc4 4. e3 c5 5. Bxc4 a6 6. 0-0 Nf6 7. dxc5 Bxc5 8. Qxd8+ Kxd8 9. b3 b5 10. Be2 Bb7 11. Bb2 Ke7 12. a4 b4 13. Nbd2 Nbd7 14. Rac1 Rhc8 15. Nc4 a5 16. Rfd1 Nb6 17. Nfe5 Nxc4 18. Bxc4 Nd5 19. Bb5 f6 20. Nc4 Ba6 21. Bxa6 Rxa6 22. Kf1 Raa8 23. Ke2 Nb6 24. e4 Nxc4 25. Rxc4 Bd6 26. Rdc1 Kd7 27. h3 Rxc4 28. Rxc4 Rc8 29. Kd3 Rxc4 30. Kxc4 Kc6 31. Bd4 Be5 32. Bc5 f5 33. exf5 exf5 34. Be7 Bc7 35. f3 g6 36. g4 fxg4 37. fxg4 Kd7 38. Bf8 Kc6 39. Kd4 h5 40. Ke4 hxg4 41. hxg4 Bb8 42. Be7 Bc7 43. Bf6 Kc5 44. Bd4+ Kc6 45. Be5 Bd8 46. Bd4 Bc7 47. Bf6 Kc5 48. Be5 Bd8 49. Bb8 Kc6 50. Ke5 Bg5 51. Ke6 Be3 52. Bd6 g5 53. Be7 Bd2 54. Bd8 Kc5 55. Bxa5 Bf4 1-0

[Event "Dvorkovich Memorial op-A 9th"]
[Site "Taganrog"]
[Date "2014.08.06"]
[Round "6"]
[White "Gvanceladze, Anna"]
[Black "Frolov, Andrey"]
[Result "1-0"]
[WhiteElo "2189"]
[BlackElo "2148"]
[PlyCount "69"]
[EventDate "2014.08.02"]
[EventType "swiss"]
[EventRounds "10"]
[EventCountry "RUS"]
[SourceTitle "CBM 162 Extra"]
[Source "ChessBase"]
[SourceDate "2014.10.17"]
[SourceVersion "1"]
[SourceVersionDate "2014.10.17"]
[SourceQuality "1"]

1. d4 Nf6 2. Nf3 e6 3. c4 d5 4. Nc3 Nbd7 5. Bg5 h6 6. Bf4 c6 7. e3 Nh5 8. Be5 Be7 9. cxd5 exd5 10. Bd3 Nxe5 11. dxe5 g6 12. Qc2 Ng7 13. 0-0 0-0 14. Nd4 c5 15. Nf3 Be6 16. Rfd1 Qb6 17. e4 Rfd8 18. exd5 Bxd5 19. Nxd5 Rxd5 20. Bc4 Rdd8 21. Bd5 Ne6 22. Rd3 Rd7 23. Rb3 Qa6 24. Bc4 Qc6 25. Bb5 Qd5 26. Rd3 Nd4 27. Nxd4 cxd4 28. Bxd7 Qxd7 29. Qd2 Bc5 30. Qxh6 Qf5 31. Rh3 Qxe5 32. Qh7+ Kf8 33. Qh8+ Qxh8 34. Rxh8+ Kg7 35. Rxa8 1-0

[Event "Dvorkovich Memorial op"]
[Site "Taganrog"]
[Date "2014.01.23"]
[Round "6"]
[White "Gunchenko, Vadim"]
[Black "Frolov, Andrey"]
[Result "0-1"]
[WhiteElo "2032"]
[BlackElo "2164"]
[PlyCount "70"]
[EventDate "2014.01.18"]
[EventType "swiss"]
[EventRounds "9"]
[EventCountry "RUS"]
[SourceTitle "CBM 158 Extra"]
[Source "ChessBase"]
[SourceDate "2014.02.28"]
[SourceVersion "1"]
[SourceVersionDate "2014.02.28"]
[SourceQuality "1"]

1. d4 d5 2. Nf3 Nf6 3. c4 c6 4. Nc3 dxc4 5. g3 g6 6. Ne5 Be6 7. e4 Bg7 8. Bg2 Nfd7 9. Nxd7 Qxd7 10. Be3 0-0 11. Qd2 Na6 12. Ne2 c5 13. d5 Bh3 14. 0-0 Bxg2 15. Kxg2 Rfd8 16. Rac1 b5 17. a3 Qb7 18. Rfd1 Rd7 19. Qc2 Rad8 20. f3 e6 21. dxe6 fxe6 22. Bg5 Rxd1 23. Rxd1 Rxd1 24. Qxd1 Bxb2 25. Qd6 Qc8 26. Nf4 Nc7 27. Qxc5 Qd7 28. Qxa7 Be5 29. Qb8+ Kg7 30. Qa7 h6 31. Qc5 Bd6 32. Bf6+ Kxf6 33. e5+ Bxe5 34. Qf8+ Qf7 35. Qd8+ Kg7 0-1

[Event "Dvorkovich Memorial op 8th"]
[Site "Taganrog"]
[Date "2013.07.23"]
[Round "2"]
[White "Musalov, Ruslan"]
[Black "Frolov, Andrey"]
[Result "1/2-1/2"]
[WhiteElo "2367"]
[BlackElo "2163"]
[PlyCount "119"]
[EventDate "2013.07.22"]
[EventType "swiss"]
[EventRounds "9"]
[EventCountry "RUS"]
[SourceTitle "CBM 155 Extra"]
[Source "ChessBase"]
[SourceDate "2013.08.26"]
[SourceVersion "1"]
[SourceVersionDate "2013.08.26"]
[SourceQuality "1"]

1. c4 Nf6 2. Nc3 e6 3. Nf3 d5 4. e3 Be7 5. d4 c5 6. dxc5 Bxc5 7. cxd5 exd5 8. Bb5+ Nc6 9. 0-0 0-0 10. b3 Bg4 11. Bb2 Rc8 12. Be2 Be6 13. Rc1 Bd6 14. Bd3 Bb8 15. Bb1 Bg4 16. Qd3 Nb4 17. Qd4 Nc6 18. Qd3 Nb4 19. Qd2 Bxf3 20. gxf3 Qd6 21. f4 Qe6 22. Kh1 Ng4 23. Rg1 d4 24. Qxd4 Rcd8 25. Nd5 Qxd5+ 26. Qxd5 Nxf2+ 27. Kg2 Rxd5 28. Ba3 Nfd3 29. Bxd3 Nxd3 30. Bxf8 Nxc1 31. Rxc1 Kxf8 32. Rc8+ Ke7 33. Rxb8 Rd7 34. Kf3 f5 35. h4 g6 36. Ke2 Ke6 37. Re8+ Kf6 38. a4 a6 39. Rb8 Kg7 40. Kf3 Kh6 41. b4 Kh5 42. b5 axb5 43. axb5 Kxh4 44. b6 h5 45. Rc8 g5 46. fxg5 Kxg5 47. Rc7 Rd5 48. Rxb7 Rb5 49. Rb8 Kg6 50. Kf4 Kf6 51. b7 Kg7 52. Kg5 Kh7 53. Kf6 h4 54. Ra8 Rxb7 55. Ra4 Rb3 56. Ra7+ Kh6 57. Ra8 Kh7 58. Ra7+ Kh6 59. Ra8 Kh7 60. Ra7+ 1/2-1/2

[Event "Dvorkovich Memorial op"]
[Site "Taganrog"]
[Date "2013.01.22"]
[Round "8"]
[White "Frolov, Andrey"]
[Black "Osipov, Adam V"]
[Result "1/2-1/2"]
[WhiteElo "2198"]
[BlackElo "2080"]
[PlyCount "80"]
[EventDate "2013.01.15"]
[EventType "swiss"]
[EventRounds "9"]
[EventCountry "RUS"]
[SourceTitle "CBM 152 Extra"]
[Source "ChessBase"]
[SourceDate "2013.02.25"]
[SourceVersion "1"]
[SourceVersionDate "2013.02.25"]
[SourceQuality "1"]

1. e4 g6 2. d4 Bg7 3. Nc3 d6 4. f4 a6 5. a4 Nf6 6. Nf3 c5 7. dxc5 Qa5 8. Bd3 Qxc5 9. Qe2 Nc6 10. Be3 Qa5 11. 0-0 Bg4 12. h3 Bxf3 13. Qxf3 0-0 14. Ne2 Nd7 15. c3 e6 16. Bc2 Qc7 17. Rad1 b5 18. Kh1 Rab8 19. Bc1 Nc5 20. axb5 axb5 21. Qf2 Ne7 22. f5 exf5 23. exf5 Nxf5 24. Bxf5 gxf5 25. Qxf5 Rbe8 26. Ng3 Re6 27. Qd5 Be5 28. Nf5 Qb7 29. Qxb7 Nxb7 30. Be3 Na5 31. Rd5 Nc4 32. Bh6 Rb8 33. Bc1 f6 34. b3 Na5 35. c4 Nxb3 36. Rxb5 Rxb5 37. cxb5 d5 38. Ba3 Rb6 39. Ne7+ Kf7 40. Nxd5 Rxb5 1/2-1/2

[Event "Dvorkovich Memorial op"]
[Site "Taganrog"]
[Date "2013.01.20"]
[Round "6"]
[White "Frolov, Andrey"]
[Black "Belous, Mikhail"]
[Result "1/2-1/2"]
[WhiteElo "2198"]
[BlackElo "2075"]
[PlyCount "84"]
[EventDate "2013.01.15"]
[EventType "swiss"]
[EventRounds "9"]
[EventCountry "RUS"]
[SourceTitle "CBM 152 Extra"]
[Source "ChessBase"]
[SourceDate "2013.02.25"]
[SourceVersion "1"]
[SourceVersionDate "2013.02.25"]
[SourceQuality "1"]

1. e4 e6 2. d4 d5 3. Nd2 c5 4. exd5 Qxd5 5. Ngf3 cxd4 6. Bc4 Qd6 7. 0-0 Nf6 8. Nb3 Nc6 9. Nbxd4 Nxd4 10. Nxd4 a6 11. Re1 Qc7 12. Qe2 Bc5 13. c3 Bd7 14. b4 Bd6 15. h3 0-0 16. Bd2 Rac8 17. Bb3 Bf4 18. c4 Bxd2 19. Qxd2 Rfd8 20. Qe3 a5 21. a3 axb4 22. axb4 Qb6 23. Nc2 Qxe3 24. Nxe3 Ne4 25. Red1 Bc6 26. Ra7 Rxd1+ 27. Bxd1 Nd6 28. Be2 Rb8 29. Kf1 Kf8 30. Ke1 Ke7 31. Bd3 f5 32. g3 Nc8 33. Ra1 b6 34. Rc1 Nd6 35. f4 Ne4 36. Bxe4 Bxe4 37. Ra1 Ra8 38. Rxa8 Bxa8 39. Kd2 Kf6 40. Kc3 e5 41. h4 h6 42. c5 bxc5 1/2-1/2

[Event "Rostov Region-ch op"]
[Site "Rostov on Don"]
[Date "2011.10.20"]
[Round "4.15"]
[White "Frolov, Andrey"]
[Black "Kornyukov, Alexey"]
[Result "0-1"]
[WhiteElo "2195"]
[BlackElo "2483"]
[PlyCount "62"]
[EventDate "2011.10.20"]
[EventType "swiss"]
[EventRounds "9"]
[EventCountry "RUS"]
[SourceTitle "EXT 2022"]
[Source "ChessBase"]
[SourceDate "2021.10.06"]
[SourceVersion "1"]
[SourceVersionDate "2021.10.06"]
[SourceQuality "1"]

1. e4 c5 2. Nf3 a6 3. d4 cxd4 4. Nxd4 Nf6 5. Nc3 e5 6. Nb3 Bb4 7. Bd3 d5 8. exd5 Nxd5 9. Bd2 Nxc3 10. bxc3 Bd6 11. 0-0 0-0 12. Qh5 f5 13. Bc4+ Kh8 14. Rad1 Qc7 15. Bd5 Nd7 16. Bg5 Nf6 17. Bxf6 Rxf6 18. c4 Bd7 19. c5 Be7 20. Rd2 a5 21. Rb1 Rb8 22. Qd1 Be8 23. c4 a4 24. Nc1 Bxc5 25. Nd3 Bd4 26. Qe2 e4 27. Nb4 Bc5 28. Nc2 Rh6 29. g3 Bh5 30. Qe1 Qxg3+ 31. hxg3 Bf3 0-1